<?xml version="1.0" encoding="UTF-8"?><?xml-stylesheet type="text/xsl" href="static/style.xsl"?><OAI-PMH xmlns="http://www.openarchives.org/OAI/2.0/" xmlns:xsi="http://www.w3.org/2001/XMLSchema-instance" xsi:schemaLocation="http://www.openarchives.org/OAI/2.0/ http://www.openarchives.org/OAI/2.0/OAI-PMH.xsd"><responseDate>2026-04-13T06:58:49Z</responseDate><request verb="GetRecord" identifier="oai:www.recercat.cat:2072/437979" metadataPrefix="marc">https://recercat.cat/oai/request</request><GetRecord><record><header><identifier>oai:recercat.cat:2072/437979</identifier><datestamp>2025-04-27T04:31:29Z</datestamp><setSpec>com_2072_98</setSpec><setSpec>col_2072_378192</setSpec></header><metadata><record xmlns="http://www.loc.gov/MARC21/slim" xmlns:dcterms="http://purl.org/dc/terms/" xmlns:xsi="http://www.w3.org/2001/XMLSchema-instance" xmlns:doc="http://www.lyncode.com/xoai" xsi:schemaLocation="http://www.loc.gov/MARC21/slim http://www.loc.gov/standards/marcxml/schema/MARC21slim.xsd">
   <leader>00925njm 22002777a 4500</leader>
   <datafield ind2=" " ind1=" " tag="042">
      <subfield code="a">dc</subfield>
   </datafield>
   <datafield ind2=" " ind1=" " tag="720">
      <subfield code="a">Prado, Emili</subfield>
      <subfield code="e">author</subfield>
   </datafield>
   <datafield ind2=" " ind1=" " tag="260">
      <subfield code="c">2003</subfield>
   </datafield>
   <datafield ind2=" " ind1=" " tag="520">
      <subfield code="a">Atopámonos nun momento de tránsito cara á chamada Sociedade da Información. Este termo, que recibe diversas etiquetas segundo os teóricos, refírese a un estadio que se acadará cando tódolos actores da sociedade, tanto os suxeitos coma as organizacións públicas e privadas, teñan a posibilidade de acceder e difundir calquera información dende calquera lugar, de xeito inmediato e co formato que desexen. Este escenario só é posible se se dispón das ferramentas que o permiten. Neste senso, cómpre activalas TIC para non caer na "fenda dixital", e para iso resulta imprescindible aplicar tres eixes estratéxicos: as infraestructuras, a accesibilidade e a capacitación. A Facultade de Ciencias da Comunicación debe ser partícipe dun compromiso activo na formación de profesionais capacitados e na planificación das políticas nacionais de comunicación e telecomunicacións para lograr implantala Sociedade da Información en Galicia.</subfield>
   </datafield>
   <datafield ind2=" " ind1=" " tag="520">
      <subfield code="a">We are in a transition towards Information Society. This label, which receives different qualifications depending on the theoreticians, refers to a situation in which all the actors of society, individuals and private and public organizations will have the opportunity to access and spread any information, from any place, by any media, immediately. This landscape is only possible by means of the required tools. In this sense, the technologies of communication should be activated to avoid the "digital divide". For this purpose it is required the application of three axes: infrastructures, availability and education. The Faculty of Communication Sciences should participate in the active compromise of training new professionals. These professionals must be ready to plan national communication policies in order to settle the Information Society in Galicia.</subfield>
   </datafield>
   <datafield tag="653" ind2=" " ind1=" ">
      <subfield code="a">Sociedade da Información</subfield>
   </datafield>
   <datafield tag="653" ind2=" " ind1=" ">
      <subfield code="a">TIC</subfield>
   </datafield>
   <datafield tag="653" ind2=" " ind1=" ">
      <subfield code="a">Fenda dixital</subfield>
   </datafield>
   <datafield tag="653" ind2=" " ind1=" ">
      <subfield code="a">Hipersector da comunicación</subfield>
   </datafield>
   <datafield tag="653" ind2=" " ind1=" ">
      <subfield code="a">Formación de profesionais</subfield>
   </datafield>
   <datafield tag="653" ind2=" " ind1=" ">
      <subfield code="a">Information Society</subfield>
   </datafield>
   <datafield tag="653" ind2=" " ind1=" ">
      <subfield code="a">ICT</subfield>
   </datafield>
   <datafield tag="653" ind2=" " ind1=" ">
      <subfield code="a">Digital divide</subfield>
   </datafield>
   <datafield tag="653" ind2=" " ind1=" ">
      <subfield code="a">Communication hipersector</subfield>
   </datafield>
   <datafield tag="653" ind2=" " ind1=" ">
      <subfield code="a">Professionals training</subfield>
   </datafield>
   <datafield ind2="0" ind1="0" tag="245">
      <subfield code="a">Os desafíos da sociedade da información</subfield>
   </datafield>
</record></metadata></record></GetRecord></OAI-PMH>